[Event "Limhamns IM-turnering"]
[Site "Malmoe"]
[Date "2000.05.21"]
[Round "1"]
[White "Hermansson, Emil"]
[Black "Schneider, Stefan"]
[Result "1-0"]
[WhiteElo "2282"]
[BlackElo "2354"]
[PlyCount "103"]
[EventDate "2000.05.??"]

1. e4 e6 2. d4 d5 3. Nd2 c5 4. exd5 Qxd5 5. Ngf3 cxd4 6. Bc4 Qd6 7. O-O Nf6
8. Nb3 Nc6 9. Nbxd4 Nxd4 10. Nxd4 a6 11. Bb3 Qc7 12. Re1 Bd7 13. Qe2 Bd6 14. h3
O-O-O 15. a4 Kb8 16. Be3 Ne4 17. Qf3 Nf6 18. Qe2 Ne4 19. c3 e5 20. Nc2 f6
21. Bd5 Bc6 22. Bxc6 Qxc6 23. Nb4 Bxb4 24. cxb4 Nd6 25. Rec1 Qe4 26. b5 a5
27. Qe1 Qb4 28. Bd2 Qxb2 29. Bxa5 Rc8 30. Bb4 Nc4 31. Rab1 Qd4 32. Rd1 Qf4
33. Rd7 Rhd8 34. Rxg7 h5 35. a5 Rg8 36. Rxg8 Rxg8 37. Kh1 Rd8 38. Rd1 Rd4
39. Bc3 Rxd1 40. Qxd1 Kc7 41. b6+ Kc6 42. Qa4+ Kd5 43. Qb5+ Ke6 44. Qe8+ Kd5
45. Qf7+ Kc6 46. Qc7+ Kb5 47. Qxb7 Qc1+ 48. Kh2 Qxc3 49. Qd5+ Ka6 50. Qa8+ Kb5
51. b7 Ka4 52. b8Q 1-0

[Event "Limhamns IM-turnering"]
[Site "Malmoe"]
[Date "2000.05.21"]
[Round "1"]
[White "Johansson, Thomas"]
[Black "Ansell, Simon"]
[Result "1/2-1/2"]
[WhiteElo "2198"]
[BlackElo "2383"]
[PlyCount "77"]
[EventDate "2000.05.??"]

1. e4 c5 2. b3 Nc6 3. Bb2 e5 4. f4 exf4 5. Nf3 Nf6 6. Nc3 d6 7. Bb5 Be7 8. Qe2
O-O 9. Bxc6 bxc6 10. O-O-O Bg4 11. g3 fxg3 12. Rdg1 Nh5 13. Qg2 Bf6 14. hxg3 g6
15. Nh2 Qd7 16. Ne2 Bxb2+ 17. Kxb2 Bh3 18. Qf3 f5 19. Qc3 Rae8 20. exf5 Rxe2
21. Qc4+ Qf7 22. Qxe2 Bxf5 23. Nf1 Qg7+ 24. c3 Nf6 25. Ne3 Be6 26. Rf1 d5
27. Rh4 Re8 28. Qa6 d4 29. Nd1 g5 30. Rh2 Bd5 31. Re2 Rxe2 32. Qxe2 Ne4 33. Qg4
h6 34. Qc8+ Kh7 35. Qf5+ Qg6 36. Qe5 Qg7 37. Qf5+ Qg6 38. Qe5 Qg7 39. Qf5+
1/2-1/2

[Event "Limhamns IM-turnering"]
[Site "Malmoe"]
[Date "2000.05.21"]
[Round "1"]
[White "Lauridsen, Jesper"]
[Black "Eriksson, Magnus"]
[Result "1/2-1/2"]
[WhiteElo "2271"]
[BlackElo "2360"]
[PlyCount "76"]
[EventDate "2000.05.??"]

1. e4 d6 2. d4 Nf6 3. Nc3 Nbd7 4. Nf3 e5 5. Bc4 Be7 6. O-O O-O 7. Re1 c6 8. a4
b6 9. b3 a6 10. Bb2 Bb7 11. Qd2 Qc7 12. Rad1 b5 13. Bf1 Rfe8 14. Qe2 exd4
15. Nxd4 Bf8 16. Nf5 b4 17. Nb1 Rxe4 18. Qf3 Ne5 19. Qg3 Rg4 20. Qe3 Nd5
21. Qh3 Nf4 22. Qe3 Nd5 23. Qe2 Nf4 24. Qe3 c5 25. Ng3 Neg6 26. Nd2 h5 27. f3
Rg5 28. Nde4 Rd5 29. Rc1 h4 30. Ne2 Ne6 31. c3 a5 32. cxb4 axb4 33. Nf2 Rh5
34. Nd3 Qb6 35. Rc4 Ba6 36. Rxb4 Qa5 37. Re4 Bxd3 38. Qxd3 Ne7 1/2-1/2

[Event "Limhamns IM-turnering"]
[Site "Malmoe"]
[Date "2000.05.21"]
[Round "1"]
[White "Thiede, Lars"]
[Black "Ahlander, Bjoern"]
[Result "1-0"]
[WhiteElo "2390"]
[BlackElo "2434"]
[PlyCount "115"]
[EventDate "2000.05.??"]

1. g3 Nf6 2. c4 e6 3. Nf3 d5 4. b3 Be7 5. Bb2 O-O 6. Bg2 c5 7. O-O Nc6 8. e3
b6 9. Qe2 Ba6 10. Rd1 Qc7 11. Nc3 Rad8 12. d3 Rfe8 13. e4 dxe4 14. dxe4 Bb7
15. e5 Nd7 16. Nb5 Qb8 17. Rd2 a6 18. Na3 Nf8 19. Rad1 Nb4 20. Bc3 Rxd2
21. Rxd2 Rd8 22. h4 Rxd2 23. Qxd2 Qa8 24. Ne1 Bxg2 25. Nxg2 Qe4 26. Ne1 Ng6
27. f3 Qf5 28. Qe2 Qh3 29. Kf2 Qh2+ 30. Ng2 Bxh4 31. gxh4 Nxh4 32. Qf1 Nxa2
33. Bd2 Nxg2 34. Qxg2 Qxe5 35. Qg3 Qd4+ 36. Ke2 Qd8 37. Nb1 f6 38. Qg4 Qd7
39. Qe4 a5 40. Na3 f5 41. Qa8+ Kf7 42. Nb5 Nb4 43. Bxb4 cxb4 44. Qb8 Qc6
45. Nd6+ Kg6 46. Qd8 Qc5 47. f4 Qg1 48. Qe8+ Kh6 49. Qxe6+ g6 50. Nxf5+ Kh5
51. Ne3 Qh2+ 52. Kd3 Qxf4 53. Qxb6 Qg5 54. Qc7 Kh6 55. c5 a4 56. bxa4 b3 57. a5
Qg1 58. Qh2+ 1-0

[Event "Limhamns IM-turnering"]
[Site "Malmoe"]
[Date "2000.03.21"]
[Round "1"]
[White "Loeffler, Stefan"]
[Black "Gross, Stefan"]
[Result "1-0"]
[WhiteElo "2426"]
[BlackElo "2352"]
[PlyCount "87"]
[EventDate "2000.05.??"]

1. Nf3 c5 2. c4 Nf6 3. g3 Nc6 4. d4 cxd4 5. Nxd4 d6 6. Bg2 Bd7 7. Nc3 a6
8. O-O e6 9. Nb3 Qc7 10. Bf4 Ne5 11. c5 dxc5 12. Nd2 Nh5 13. Bxe5 Qxe5 14. Bxb7
Ra7 15. Bf3 Nf6 16. Re1 Qc7 17. e4 Bd6 18. Nc4 Be5 19. Nd5 Nxd5 20. exd5 Bd4
21. dxe6 Bxe6 22. Qa4+ Kf8 23. Bd5 Qd7 24. Qxd7 Bxd7 25. Nd6 f5 26. Re2 g6
27. Rae1 Bf6 28. Nb7 Bb5 29. Rc2 c4 30. a4 Bxa4 31. Rxc4 Be8 32. Rc8 Kg7
33. Rcxe8 Rxe8 34. Rxe8 Bxb2 35. f4 a5 36. Re7+ Kh8 37. h3 a4 38. g4 Ra8
39. Nd6 Bd4+ 40. Kg2 a3 41. Nf7+ Kg7 42. Ng5+ Kf8 43. Rf7+ Ke8 44. Bc6+ 1-0

[Event "Limhamns IM-turnering"]
[Site "Malmoe"]
[Date "2000.05.22"]
[Round "2"]
[White "Schneider, Stefan"]
[Black "Gross, Stefan"]
[Result "1/2-1/2"]
[WhiteElo "2354"]
[BlackElo "2352"]
[PlyCount "31"]
[EventDate "2000.05.??"]

1. d4 Nf6 2. Nf3 g6 3. Nc3 d5 4. Bf4 c6 5. e3 Bg4 6. Be2 Bg7 7. Ne5 Bxe2
8. Qxe2 Nh5 9. h4 Nxf4 10. exf4 h5 11. O-O-O Nd7 12. Kb1 Qc7 13. Rd3 Nxe5
14. fxe5 e6 15. Rhh3 Bf8 16. Nd1 1/2-1/2

[Event "Limhamns IM-turnering"]
[Site "Malmoe"]
[Date "2000.05.22"]
[Round "2"]
[White "Ahlander, Bjoern"]
[Black "Loeffler, Stefan"]
[Result "1-0"]
[WhiteElo "2434"]
[BlackElo "2426"]
[PlyCount "77"]
[EventDate "2000.05.??"]

1. d4 Nf6 2. c4 g6 3. Nc3 Bg7 4. e4 d6 5. Be2 O-O 6. Nf3 c5 7. d5 e6 8. O-O
Re8 9. Nd2 Na6 10. f3 Rb8 11. Kh1 Bd7 12. Nb5 exd5 13. cxd5 Qe7 14. Nb1 Rf8
15. Nxa7 Nh5 16. Nc3 Be5 17. f4 Bxc3 18. bxc3 Qxe4 19. f5 Ng7 20. Bh6 Nxf5
21. Bd3 Qe5 22. Bxf5 Bxf5 23. Bxf8 Rxf8 24. Nb5 Be4 25. c4 Nb4 26. Qd2 Nc2
27. Rac1 Ne3 28. Rf2 Ng4 29. Rf4 Ne3 30. Rxe4 Qxe4 31. Nxd6 Qd4 32. Qf2 b6
33. Re1 Nf5 34. Qxd4 Nxd4 35. Nb7 Nf5 36. d6 Nxd6 37. Nxd6 Rd8 38. Re8+ Rxe8
39. Nxe8 1-0

[Event "Limhamns IM-turnering"]
[Site "Malmoe"]
[Date "2000.05.22"]
[Round "2"]
[White "Eriksson, Magnus"]
[Black "Thiede, Lars"]
[Result "1/2-1/2"]
[WhiteElo "2360"]
[BlackElo "2390"]
[PlyCount "100"]
[EventDate "2000.05.??"]

1. d4 Nf6 2. c4 g6 3. Nc3 Bg7 4. e4 d6 5. Nf3 O-O 6. Be2 Na6 7. O-O e5 8. Be3
c6 9. dxe5 dxe5 10. Qxd8 Rxd8 11. Rfd1 Re8 12. h3 Bf8 13. Nd2 b6 14. a3 Nc5
15. b4 Ne6 16. Nf3 c5 17. Nxe5 Nd4 18. Rxd4 cxd4 19. Bxd4 Bb7 20. Ng4 Nxg4
21. Bxg4 Bxe4 22. Nxe4 Rxe4 23. Bf3 Rxd4 24. Bxa8 Rxc4 25. Rd1 a5 26. Bd5 Rc3
27. bxa5 bxa5 28. a4 Bc5 29. Rd2 h5 30. Kf1 Bb4 31. Ra2 Kg7 32. h4 Rc5 33. Bb3
Rc3 34. Bd5 Rd3 35. Bc6 f5 36. Rc2 Bd6 37. Bb5 Rd4 38. Rc6 f4 39. Ke2 Be7
40. Rc7 Kf8 41. Rc8+ Bd8 42. Rc4 Rxc4 43. Bxc4 Bxh4 44. Kf3 g5 45. Bb5 Kg7
46. Be8 Kh6 47. Bf7 g4+ 48. Kxf4 Bxf2 49. Kf5 Bb6 50. Be8 Bc7 1/2-1/2

[Event "Limhamns IM-turnering"]
[Site "Malmoe"]
[Date "2000.05.22"]
[Round "2"]
[White "Ansell, Simon"]
[Black "Lauridsen, Jesper"]
[Result "0-1"]
[WhiteElo "2383"]
[BlackElo "2271"]
[PlyCount "90"]
[EventDate "2000.05.??"]

1. e4 c5 2. Nf3 d6 3. c3 Nf6 4. Be2 Nbd7 5. d3 g6 6. O-O Bg7 7. Nbd2 b6 8. d4
cxd4 9. cxd4 O-O 10. e5 Ne8 11. Nc4 b5 12. Ne3 a6 13. h4 Nc7 14. Ng4 Nb6
15. Nh6+ Kh8 16. Qc2 Bb7 17. h5 Rc8 18. Nxf7+ Rxf7 19. Ng5 Rf8 20. Nxh7 Ne6
21. Qxg6 Rxc1 22. Nxf8 Nxf8 23. Qg5 Rxa1 24. Rxa1 dxe5 25. dxe5 Ne6 26. Qe3 Qd4
27. Qxd4 Nxd4 28. Re1 Na4 29. f4 Nxb2 30. Kf2 Nxe2 31. Rxe2 Nd1+ 32. Ke1 Nc3
33. Rc2 b4 34. Kf2 Be4 35. Rd2 Bd5 36. Ke3 Bxa2 37. Kd4 e6 38. g4 Nb5+ 39. Kd3
b3 40. h6 Bxh6 41. Rh2 Kg7 42. g5 Bxg5 43. fxg5 Bb1+ 44. Kd2 b2 45. Ke1 Bc2 0-1

[Event "Limhamns IM-turnering"]
[Site "Malmoe"]
[Date "2000.05.22"]
[Round "2"]
[White "Hermansson, Emil"]
[Black "Johansson, Thomas"]
[Result "1-0"]
[WhiteElo "2282"]
[BlackElo "2198"]
[PlyCount "87"]
[EventDate "2000.05.??"]

1. e4 d5 2. exd5 Qxd5 3. Nc3 Qa5 4. d4 g6 5. Nf3 Bg7 6. Bc4 c5 7. O-O cxd4
8. Nxd4 Nf6 9. Bb5+ Bd7 10. Qf3 Bxb5 11. Ncxb5 Qb6 12. a4 O-O 13. Be3 Nc6
14. Ne6 Ne5 15. Bxb6 Nxf3+ 16. gxf3 fxe6 17. Bxa7 Nd7 18. Bd4 e5 19. Be3 Rxf3
20. Rfd1 Nf8 21. Kg2 Rf5 22. Nc3 Rc8 23. Rd2 Rc4 24. Nd5 Kf7 25. a5 e4 26. c3
Ne6 27. a6 bxa6 28. Rxa6 Be5 29. Ra7 Bd6 30. Nxe7 Bc7 31. Nxf5 gxf5 32. Rd7+
Kf6 33. Bd4+ Kg5 34. Rxh7 f4 35. Re7 f3+ 36. Kf1 Kf5 37. Rf7+ Kg5 38. Re7 Kf5
39. h4 Bd8 40. Re8 Nxd4 41. Rxd8 Ne6 42. Rd5+ Kf4 43. Ra6 Nc7 44. Rf6+ 1-0

[Event "Limhamns IM-turnering"]
[Site "Malmoe"]
[Date "2000.05.23"]
[Round "3"]
[White "Johansson, Thomas"]
[Black "Schneider, Stefan"]
[Result "0-1"]
[WhiteElo "2198"]
[BlackElo "2354"]
[PlyCount "60"]
[EventDate "2000.05.??"]

1. e4 e6 2. d3 d5 3. Qe2 Nf6 4. Nf3 Be7 5. g3 b5 6. e5 Nfd7 7. Bg2 c5 8. c4
bxc4 9. dxc4 Ba6 10. b3 Nc6 11. Nbd2 Qc7 12. Bb2 Rd8 13. O-O O-O 14. Rfe1 Nb6
15. Ba3 Rd7 16. Qe3 Rfd8 17. Qf4 dxc4 18. bxc4 Nd4 19. Rac1 Nxf3+ 20. Nxf3 Rd3
21. Bb2 Bb7 22. Qg4 h6 23. Rc2 Rd1 24. Re2 Na4 25. Ba1 Qa5 26. Kf1 Nc3 27. Bxc3
Qxc3 28. Re3 Qc1 29. Nh4 Ba6 30. Bd5 R8xd5 0-1

[Event "Limhamns IM-turnering"]
[Site "Malmoe"]
[Date "2000.05.23"]
[Round "3"]
[White "Lauridsen, Jesper"]
[Black "Hermansson, Emil"]
[Result "0-1"]
[WhiteElo "2271"]
[BlackElo "2282"]
[PlyCount "80"]
[EventDate "2000.05.??"]

1. e4 c6 2. d4 d5 3. exd5 cxd5 4. c4 Nf6 5. Nc3 e6 6. Nf3 Bb4 7. Bd3 dxc4
8. Bxc4 O-O 9. O-O a6 10. Bg5 b5 11. Bb3 Bb7 12. Ne5 Be7 13. Re1 Nc6 14. Nxc6
Bxc6 15. d5 exd5 16. Qd4 h6 17. Bh4 Re8 18. Rad1 a5 19. Re3 a4 20. Bc2 b4
21. Qd3 g6 22. Re6 Bd7 23. Rxf6 Bxf6 24. Bxf6 Qxf6 25. Nxd5 Qxb2 26. g4 Bc6
27. Rb1 Qe5 28. Nxb4 Be4 29. Qxe4 Qxe4 30. Bxe4 Rxe4 31. h3 Rb8 32. a3 Rc4
33. Kg2 Rc3 34. Ra1 Rd8 35. Ra2 Rd1 36. h4 Rd4 37. f3 h5 38. gxh5 gxh5 39. Kg3
Rg4+ 40. Kf2 Rf4 0-1

[Event "Limhamns IM-turnering"]
[Site "Malmoe"]
[Date "2000.05.23"]
[Round "3"]
[White "Thiede, Lars"]
[Black "Ansell, Simon"]
[Result "1/2-1/2"]
[WhiteElo "2390"]
[BlackElo "2383"]
[PlyCount "74"]
[EventDate "2000.05.??"]

1. g3 e5 2. c4 d6 3. Nc3 f5 4. Bg2 Nf6 5. d3 Be7 6. Nf3 O-O 7. O-O a5 8. a3
Qe8 9. Rb1 Nc6 10. b4 axb4 11. axb4 Qh5 12. e3 g5 13. b5 Nd8 14. d4 Nf7 15. Bb2
e4 16. Nd2 g4 17. Ne2 Ng5 18. Nf4 Qh6 19. Re1 Ne6 20. Qb3 Nxf4 21. exf4 Be6
22. d5 Bf7 23. Qc3 Rfc8 24. Bxe4 fxe4 25. Nxe4 Kg7 26. Re3 Re8 27. Rbe1 Qg6
28. h3 gxh3 29. g4 Kf8 30. Nxf6 Bxf6 31. Qxf6 Rxe3 32. Rxe3 Qxf6 33. Bxf6 Ra4
34. Rc3 h5 35. gxh5 Bxh5 36. Rxh3 Be2 37. Rc3 Rxc4 1/2-1/2

[Event "Limhamns IM-turnering"]
[Site "Malmoe"]
[Date "2000.05.23"]
[Round "3"]
[White "Loeffler, Stefan"]
[Black "Eriksson, Magnus"]
[Result "1-0"]
[WhiteElo "2426"]
[BlackElo "2360"]
[PlyCount "93"]
[EventDate "2000.05.??"]

1. Nf3 Nf6 2. c4 g6 3. Nc3 d5 4. cxd5 Nxd5 5. g3 Bg7 6. Bg2 Nb6 7. d4 Nc6
8. O-O Nxd4 9. Nxd4 Qxd4 10. Nb5 Qc5 11. a4 Nxa4 12. Qxa4 Bd7 13. Bxb7 Bxb5
14. Be3 Bxa4 15. Bxc5 Rb8 16. Bf3 Bd7 17. Rxa7 Be5 18. h4 Be6 19. b4 f6 20. b5
Kf7 21. b6 Rxb6 22. Bxb6 cxb6 23. Rd1 Rb8 24. Rb7 Rxb7 25. Bxb7 h5 26. Bc6 Bc4
27. e4 b5 28. Bd5+ Bxd5 29. Rxd5 b4 30. Rb5 Bd6 31. f4 Ke6 32. Kf2 Kd7 33. e5
fxe5 34. fxe5 Bc7 35. Kf3 Ke6 36. Kf4 b3 37. Kg5 Bxe5 38. Kxg6 Bxg3 39. Kxh5
Be1 40. Rxb3 Kf5 41. Rf3+ Ke4 42. Rf1 Bc3 43. Kg4 e5 44. h5 Kd5 45. h6 Ke6
46. h7 e4 47. Rf8 1-0

[Event "Limhamns IM-turnering"]
[Site "Malmoe"]
[Date "2000.05.23"]
[Round "3"]
[White "Gross, Stefan"]
[Black "Ahlander, Bjoern"]
[Result "0-1"]
[WhiteElo "2352"]
[BlackElo "2434"]
[PlyCount "76"]
[EventDate "2000.05.??"]

1. e4 c5 2. Nf3 e6 3. d4 cxd4 4. Nxd4 a6 5. Nc3 Nc6 6. Nxc6 bxc6 7. Bd3 d5
8. O-O Nf6 9. Qe2 Be7 10. b3 O-O 11. Bb2 c5 12. Rad1 d4 13. e5 Nd5 14. Nxd5
exd5 15. c3 dxc3 16. Bxc3 Qb6 17. Qh5 g6 18. Qh6 Be6 19. Kh1 c4 20. bxc4 dxc4
21. Be4 Rad8 22. Rb1 Qc5 23. h4 Rfe8 24. h5 Bf8 25. Qf4 Bg7 26. Rfe1 Rb8
27. Rbc1 Red8 28. h6 Bf8 29. Re3 Rd7 30. Rce1 Rbd8 31. Bc2 Qa3 32. Rg3 Be7
33. Kh2 Qc5 34. Bf5 Bxf5 35. Qxf5 Bh4 36. Rg4 Rd3 37. Qe4 Bxf2 38. e6 Qh5+ 0-1

[Event "Limhamns IM-turnering"]
[Site "Malmoe"]
[Date "2000.05.24"]
[Round "4"]
[White "Eriksson, Magnus"]
[Black "Gross, Stefan"]
[Result "0-1"]
[WhiteElo "2360"]
[BlackElo "2352"]
[PlyCount "70"]
[EventDate "2000.05.??"]

1. Nf3 Nf6 2. c4 c5 3. Nc3 Nc6 4. d4 cxd4 5. Nxd4 e6 6. g3 Bc5 7. Nb3 Be7
8. Bg2 d6 9. O-O a6 10. Nd4 Bd7 11. e4 Rb8 12. a4 O-O 13. Be3 Qc7 14. b3 Rfd8
15. h3 Qa5 16. Qd2 Kh8 17. Rfb1 d5 18. cxd5 Bb4 19. Nde2 exd5 20. exd5 Bxh3
21. Bxh3 Nxd5 22. Qc2 Nxc3 23. Rc1 Nxe2+ 24. Qxe2 Bc3 25. Rab1 Qe5 26. Qc4 Bd4
27. Bf4 Qh5 28. Bxb8 Qxh3 29. Bc7 Bxf2+ 30. Kxf2 Qh2+ 31. Kf3 Nd4+ 32. Ke4 Qg2+
33. Kd3 Qf3+ 34. Kd2 Nxb3+ 35. Kc2 Rd2# 0-1

[Event "Limhamns IM-turnering"]
[Site "Malmoe"]
[Date "2000.05.24"]
[Round "4"]
[White "Ansell, Simon"]
[Black "Loeffler, Stefan"]
[Result "1/2-1/2"]
[WhiteElo "2383"]
[BlackElo "2426"]
[PlyCount "114"]
[EventDate "2000.05.??"]

1. e4 Nf6 2. e5 Nd5 3. d4 d6 4. c4 Nb6 5. exd6 exd6 6. Nc3 Be7 7. Bd3 Nc6
8. Nge2 Bg4 9. Be3 O-O 10. Qb1 h6 11. h3 Bxe2 12. Nxe2 Bg5 13. O-O Nb4 14. a3
Nxd3 15. Qxd3 c6 16. b3 Re8 17. Rae1 a5 18. a4 d5 19. c5 Bxe3 20. fxe3 Nd7
21. Ng3 Re6 22. Rf4 b6 23. cxb6 Rb8 24. Ref1 Nf6 25. e4 Qxb6 26. Kh2 dxe4
27. Nxe4 Nxe4 28. Rxe4 Qxb3 29. Qxb3 Rxb3 30. Rxe6 fxe6 31. Rc1 Rb4 32. Rxc6
Kf7 33. d5 exd5 34. Rc5 Rxa4 35. Rxd5 Ke6 36. Rb5 Ra2 37. Rb7 Kf6 38. Rb6+ Kg5
39. Rb7 Kg6 40. Rb6+ Kf7 41. Rb7+ Kg6 42. Rb6+ Kh7 43. Ra6 h5 44. h4 Kg8
45. Ra7 Kf8 46. Kh3 g6 47. Kh2 Ra4 48. Kh3 Ke8 49. g3 Kf8 50. Kg2 Ra3 51. Kh3
Ra2 52. Ra8+ Kf7 53. Ra6 a4 54. Ra7+ Ke6 55. Ra6+ Kf5 56. Ra5+ Ke4 57. Ra6 Kf5
1/2-1/2

[Event "Limhamns IM-turnering"]
[Site "Malmoe"]
[Date "2000.05.24"]
[Round "4"]
[White "Hermansson, Emil"]
[Black "Thiede, Lars"]
[Result "1/2-1/2"]
[WhiteElo "2282"]
[BlackElo "2390"]
[PlyCount "173"]
[EventDate "2000.05.??"]

1. e4 g6 2. d4 Bg7 3. Nc3 d6 4. f4 a6 5. Nf3 Nd7 6. e5 c5 7. Be3 Nh6 8. exd6
exd6 9. Qd2 O-O 10. O-O-O Qa5 11. Kb1 Nf5 12. Bf2 b5 13. Nd5 Qxd2 14. Rxd2 Bb7
15. c4 Bxd5 16. cxd5 c4 17. g3 Ne7 18. Bg2 Nxd5 19. Ne5 N7b6 20. Nd7 Nxd7
21. Bxd5 Rac8 22. Re1 Bf6 23. g4 Nb6 24. Bb7 Rb8 25. Bf3 b4 26. g5 Bg7 27. Re7
c3 28. Rde2 Nc4 29. bxc3 bxc3+ 30. Kc2 Rfc8 31. Bb7 Na3+ 32. Kb3 c2 33. Be3
Bxd4 34. Bc1 Nc4 35. Kxc2 Rxb7 36. Re8+ Rxe8 37. Rxe8+ Kg7 38. Re4 Ne3+
39. Bxe3 Bxe3 40. Rxe3 Rb4 41. Ra3 Rxf4 42. Rxa6 Rg4 43. Ra5 Rg2+ 44. Kb3 Rxh2
45. Rd5 h6 46. gxh6+ Kxh6 47. a4 f5 48. a5 Kg5 49. a6 Rh7 50. Ra5 Ra7 51. Kc4
Kg4 52. Kb5 f4 53. Kb6 Ra8 54. Kb7 Rf8 55. a7 f3 56. a8Q Rxa8 57. Rxa8 f2
58. Rf8 Kg3 59. Rg8 f1Q 60. Rxg6+ Kh4 61. Rxd6 Kg5 62. Kc6 Qc4+ 63. Kd7 Kf5
64. Rc6 Qb4 65. Rh6 Qb7+ 66. Ke8 Qc8+ 67. Ke7 Qc7+ 68. Ke8 Kg5 69. Re6 Kf4
70. Rf6+ Ke5 71. Rg6 Qc8+ 72. Ke7 Qb7+ 73. Kd8 Qe4 74. Rh6 Qe3 75. Rc6 Kd5
76. Ra6 Qd3 77. Rh6 Qd2 78. Rg6 Qf4 79. Rb6 Kc5 80. Re6 Qf8+ 81. Kd7 Qf5
82. Ke7 Kd5 83. Rd6+ Ke5 84. Ra6 Qh7+ 85. Ke8 Qd3 86. Rb6 Qc3 87. Rh6 1/2-1/2

[Event "Limhamns IM-turnering"]
[Site "Malmoe"]
[Date "2000.05.24"]
[Round "4"]
[White "Johansson, Thomas"]
[Black "Lauridsen, Jesper"]
[Result "0-1"]
[WhiteElo "2198"]
[BlackElo "2271"]
[PlyCount "50"]
[EventDate "2000.05.??"]

1. e4 c5 2. b3 Nf6 3. Nc3 d5 4. exd5 Nxd5 5. Bc4 Nc7 6. Qf3 e6 7. Bb2 Nc6
8. Qg3 Nd4 9. O-O-O Nf5 10. Qf3 Be7 11. Nge2 O-O 12. h4 Rb8 13. g4 Nd4 14. Nxd4
cxd4 15. Ne4 b5 16. Bd3 Bb7 17. g5 Nd5 18. Qh5 g6 19. Qg4 Qa5 20. Rdg1 Qxa2
21. Bxd4 Nb4 22. Kd1 Rbd8 23. Nc3 Rxd4 24. Nxa2 Rxg4 25. Rxg4 Nxd3 0-1

[Event "Limhamns IM-turnering"]
[Site "Malmoe"]
[Date "2000.05.25"]
[Round "5"]
[White "Lauridsen, Jesper"]
[Black "Schneider, Stefan"]
[Result "1-0"]
[WhiteElo "2271"]
[BlackElo "2354"]
[PlyCount "80"]
[EventDate "2000.05.??"]

1. e4 Nf6 2. e5 Nd5 3. d4 d6 4. c4 Nb6 5. exd6 exd6 6. Nc3 Be7 7. Bd3 Nc6
8. Nge2 Bg4 9. Be3 Nb4 10. Bb1 Qd7 11. a3 Nc6 12. b3 d5 13. c5 Nc8 14. f3 Be6
15. O-O Bh4 16. b4 a6 17. g3 Bf6 18. g4 h6 19. Qd2 N8e7 20. Ng3 Bh4 21. Nh5 Kf8
22. Kh1 Re8 23. Rg1 Ng8 24. g5 hxg5 25. Nxg7 Re7 26. Bxg5 f6 27. Nxe6+ Qxe6
28. Bf4 Be1 29. Qd3 Bf2 30. Ba2 Bxg1 31. Bxd5 Qh3 32. Rxg1 Rg7 33. Rxg7 Kxg7
34. Bxc7 Nge7 35. Bb3 Nxd4 36. Qxd4 Qxf3+ 37. Kg1 Rh3 38. Bg3 Nf5 39. Qd7+ Kg6
40. Qf7+ Kg5 1-0

[Event "Limhamns IM-turnering"]
[Site "Malmoe"]
[Date "2000.05.25"]
[Round "5"]
[White "Thiede, Lars"]
[Black "Johansson, Thomas"]
[Result "1-0"]
[WhiteElo "2390"]
[BlackElo "2198"]
[PlyCount "75"]
[EventDate "2000.05.??"]

1. g3 f5 2. c4 Nf6 3. Nf3 g6 4. Bg2 Bg7 5. Nc3 d6 6. O-O O-O 7. Rb1 Nc6 8. b4
e5 9. d3 h6 10. b5 Ne7 11. Qb3 Kh8 12. c5 g5 13. Ba3 f4 14. cxd6 cxd6 15. Nd2
Nf5 16. Nc4 Rg8 17. Ne4 Ne8 18. g4 Nd4 19. Ncxd6 Nxd6 20. Nxd6 Qxd6 21. Qxg8+
Kxg8 22. Bxd6 Nxe2+ 23. Kh1 Bxg4 24. Bd5+ Kh8 25. Bxb7 Rd8 26. Bc5 Bf8 27. Bxf8
Rxf8 28. f3 Bf5 29. Rfe1 Bxd3 30. Rb3 Bc4 31. Rb4 Bd3 32. Be4 Bxe4 33. Rxe4 Nd4
34. Rxe5 Kg7 35. Re8 Rf5 36. R1e5 Rxe5 37. Rxe5 Kf6 38. Rd5 1-0

[Event "Limhamns IM-turnering"]
[Site "Malmoe"]
[Date "2000.05.25"]
[Round "5"]
[White "Loeffler, Stefan"]
[Black "Hermansson, Emil"]
[Result "1/2-1/2"]
[WhiteElo "2426"]
[BlackElo "2282"]
[PlyCount "30"]
[EventDate "2000.05.??"]

1. Nf3 Nf6 2. c4 c6 3. Nc3 d5 4. e3 e6 5. b3 Nbd7 6. Qc2 Bd6 7. d4 O-O 8. Be2
b6 9. O-O Bb7 10. e4 dxe4 11. Nxe4 Nxe4 12. Qxe4 h6 13. Rd1 Qe7 14. Bb2 f5
15. Qc2 c5 1/2-1/2

[Event "Limhamns IM-turnering"]
[Site "Malmoe"]
[Date "2000.05.25"]
[Round "5"]
[White "Gross, Stefan"]
[Black "Ansell, Simon"]
[Result "1/2-1/2"]
[WhiteElo "2352"]
[BlackElo "2383"]
[PlyCount "90"]
[EventDate "2000.05.??"]

1. e4 c5 2. Nf3 Nc6 3. d4 cxd4 4. Nxd4 e5 5. Nb5 d6 6. c4 Be7 7. Bd3 Be6
8. O-O Nf6 9. N1c3 a6 10. Na3 O-O 11. Nd5 Nd7 12. Be3 Bg5 13. Qd2 Bxe3 14. Qxe3
Nc5 15. Nc2 Bxd5 16. cxd5 Ne7 17. b4 Na4 18. Rac1 a5 19. a3 axb4 20. axb4 Qb6
21. Qxb6 Nxb6 22. Ne3 Rfc8 23. Nc4 Nxc4 24. Rxc4 Rxc4 25. Bxc4 f5 26. f4 Ng6
27. exf5 Nxf4 28. g3 Nh5 29. Bb5 Rc8 30. Bd7 Rc4 31. Ra1 Nf6 32. Be6+ Kf8
33. b5 Rc5 34. b6 Rb5 35. Ra8+ Ke7 36. Rc8 Rxb6 37. Rc7+ Kf8 38. Rf7+ Ke8
39. Rxg7 e4 40. g4 h6 41. h4 Rb4 42. Kf2 Rb2+ 43. Ke1 Rb1+ 44. Kd2 Rb2+ 45. Ke3
Rb3+ 1/2-1/2

[Event "Limhamns IM-turnering"]
[Site "Malmoe"]
[Date "2000.05.25"]
[Round "5"]
[White "Ahlander, Bjoern"]
[Black "Eriksson, Magnus"]
[Result "1-0"]
[WhiteElo "2434"]
[BlackElo "2360"]
[PlyCount "109"]
[EventDate "2000.05.??"]

1. d4 Nf6 2. c4 g6 3. Nc3 d5 4. cxd5 Nxd5 5. e4 Nxc3 6. bxc3 Bg7 7. Nf3 c5
8. Bc4 Nc6 9. Be3 O-O 10. h3 cxd4 11. cxd4 Qa5+ 12. Bd2 Qa3 13. Rb1 Rd8 14. d5
Na5 15. Be2 e6 16. Qc2 Bd7 17. Bb4 Rac8 18. Qxc8 Qxb4+ 19. Rxb4 Rxc8 20. O-O
Bf8 21. Rbb1 exd5 22. exd5 Rc2 23. Bd3 Rxa2 24. Ne5 Be8 25. Ra1 Rxa1 26. Rxa1
b6 27. Rc1 Bc5 28. d6 Ba4 29. d7 Nb7 30. Ra1 Bd4 31. Rxa4 Bxe5 32. Rxa7 Nd8
33. Ra8 Bf6 34. Rb8 Kf8 35. Rxb6 Ke7 36. Bb5 h5 37. Kf1 Ne6 38. Ba4 Nd8 39. Ke2
Ne6 40. Kd3 h4 41. Kc4 Bg5 42. Kd5 Bf6 43. Rb8 Nd8 44. Ra8 Bg5 45. Bb5 Bf6
46. f3 Bg5 47. Rc8 Bf6 48. f4 Bg7 49. Ke4 Bf6 50. Ra8 Kd6 51. Ra6+ Ke7 52. f5
g5 53. Kd5 Nb7 54. Ra8 Nd8 55. Ra2 1-0

[Event "Limhamns IM-turnering"]
[Site "Malmoe"]
[Date "2000.05.26"]
[Round "6"]
[White "Schneider, Stefan"]
[Black "Eriksson, Magnus"]
[Result "1/2-1/2"]
[WhiteElo "2354"]
[BlackElo "2360"]
[PlyCount "21"]
[EventDate "2000.05.??"]

1. c4 Nf6 2. g3 c5 3. Bg2 d5 4. cxd5 Nxd5 5. Nc3 Nc7 6. Nf3 Nc6 7. O-O e5
8. Ne1 Bd7 9. Nd3 f6 10. f4 c4 11. Nf2 1/2-1/2

[Event "Limhamns IM-turnering"]
[Site "Malmoe"]
[Date "2000.05.26"]
[Round "6"]
[White "Ansell, Simon"]
[Black "Ahlander, Bjoern"]
[Result "1-0"]
[WhiteElo "2383"]
[BlackElo "2434"]
[PlyCount "129"]
[EventDate "2000.05.??"]

1. e4 c5 2. Nf3 e6 3. d3 Nc6 4. g3 d6 5. Bg2 Nf6 6. O-O Be7 7. Re1 O-O 8. c3
Bd7 9. Nbd2 Qc7 10. Nf1 b5 11. Bf4 e5 12. Bg5 Be6 13. d4 cxd4 14. cxd4 Bg4
15. Rc1 Qb6 16. d5 Nd4 17. Be3 Bxf3 18. Bxf3 Nxf3+ 19. Qxf3 Qa6 20. Rc7 Bd8
21. Rc6 Qxa2 22. Bd2 Ne8 23. Qd3 Bb6 24. Bc3 Qa6 25. Kg2 Rc8 26. Rxc8 Qxc8
27. Qxb5 f5 28. f4 fxe4 29. Rxe4 Nf6 30. Re1 exf4 31. Bxf6 f3+ 32. Kxf3 Qf5+
33. Ke2 Qxf6 34. Nd2 Qh6 35. Kd1 Qxh2 36. Qd3 Qh5+ 37. Kc1 Qf5 38. Qe4 Ba5
39. Qe6+ Qxe6 40. Rxe6 Bxd2+ 41. Kxd2 Rd8 42. Re7 a6 43. Ra7 h5 44. Rxa6 Kf7
45. Ra3 Rb8 46. Rf3+ Kg6 47. Kc3 Rb5 48. b4 Rxd5 49. Kc4 Rd1 50. Rb3 Kf5 51. b5
Ke4 52. b6 Rc1+ 53. Kb5 Rc8 54. b7 Rb8 55. Kc6 d5 56. Kc7 Rxb7+ 57. Rxb7 d4
58. Rb5 d3 59. Rxh5 g5 60. Kd6 g4 61. Rd5 Ke3 62. Ke5 d2 63. Kf5 Kf3 64. Rxd2
Kxg3 65. Rd4 1-0